Statistics for Andorra True or False?

Click here to take the quiz!

General Stats

  • This quiz has been taken 275 times
  • The average score is 11 of 15

Answer Stats

QuestionAnswer% Correct
Andorra is the smallest country in Europe.False
94%
Andorra is totally surrounded by Spain.False
93%
Andorra is located in the Alps.False
88%
Andorra currency is euro.True
88%
Catalan is the official language in Andorra.True
82%
Andorra once hosted Winter Olympic Games.False
77%
Almost 1/10 of the Andorran territory has UNESCO World Heritage status.True
75%
Andorra has an airport on its territory.False
73%
Unfortunately, Andorra has a very high unemployment rate.False
64%
Andorra has been created by Charlemagne.True
61%
With its low population, Andorra has a very high rate of Nobel Prize Laureates per capita.False
60%
Andorra took part in the Spanish revolution, in 1936.False
59%
Andorra has the highest cigarettes consumption per capita.True
53%
Andorra elects its President every five years.False
50%
is the Andoran flag.False
49%

Score Distribution

Percentile by Number Answered

Percent of People with Each Score

Your Score History

You have not taken this quiz